Hiragana a Romaji - Estadísticas

Estadísticas generales
  • Esta prueba ha sido intentada 33 veces
  • La puntuación promedio es 18 de 20
Estadísticas de respuestas
Hint Respuesta % Correcto
a
100%
bi
100%
bu
100%
chi
100%
de
100%
e
100%
fu
100%
ga
100%
gi
100%
go
100%
gu
100%
ha
100%
hi
100%
i
100%
ji
100%
ka
100%
ke
100%
ki
100%
ko
100%
ku
100%
ma
100%
me
100%
mi
100%
mu
100%
n
100%
na
100%
ne
100%
no
100%
o
100%
pe
100%
ra
100%
re
100%
ri
100%
ro
100%
ru
100%
sa
100%
se
100%
shi
100%
su
100%
ta
100%
te
100%
to
100%
tsu
100%
wa
100%
ya
100%
yo
100%
za
100%
ze
100%
zu
100%
ho
83%
ni
83%
da
80%
do
75%
ge
75%
he
75%
po
75%
pu
75%
yu
75%
be
67%
bo
67%
ji
67%
mo
67%
zo
67%
zu
67%
ba
50%
nu
50%
pa
50%
so
50%
wo
50%
pi
33%
u
0%
No se encontraron pruebas coincidentes
Distribución de puntuación
Porcentaje de gente con cada puntuación
Porcentaje por número respondido
Historial de tus puntuaciones
No has intentado esta prueba.